|
|
|
|
| LEADER |
00000cam a2200000 a 4500 |
| 001 |
vtls011581221 |
| 003 |
SK-MaSNL |
| 005 |
20260302052310.0 |
| 008 |
240318s2016 xo o g n 000 0 slo |
| 015 |
|
|
|a SNBA2016/10
|
| 020 |
|
|
|a 9788097207236
|q (brož.)
|
| 035 |
|
|
|a 26575097-A33D-44F9-BBC1-860582454F12
|
| 035 |
|
|
|a urn:nbn:sk:snk-amth9a
|
| 035 |
|
|
|a urn:nbn:sk:snk-am00c11f
|
| 040 |
|
|
|a SNK
|b slo
|c SNK
|e AACR2
|
| 041 |
0 |
|
|a slo
|
| 044 |
|
|
|a xo
|c SK
|
| 072 |
|
7 |
|a 27-5
|x Liturgia. Kresťanské umenie a symbolika. Duchovný život
|2 konspekt
|
| 080 |
|
|
|a 271-528
|2 2011
|
| 080 |
|
|
|a 27-526.62
|2 2011
|
| 080 |
|
|
|a 27-145.55
|2 2011
|
| 080 |
|
|
|a (041)
|2 2011
|
| 100 |
1 |
|
|a Beňa, Marek
|4 aut
|9 339449
|
| 245 |
1 |
0 |
|a Čudotvorná ikona Posvätnej Bohorodičky "Skoroposlušnica"
|c [autori: Marek Beňa, Adriana Mikušová, Milan Nikolaj Šoltés]
|
| 246 |
3 |
|
|a Skoroposlušnica
|
| 250 |
|
|
|a 1. vyd.
|
| 260 |
|
|
|a Prešov
|b Občianske združenie - Serafím
|c 2016
|
| 300 |
|
|
|a 24 s.
|b fotogr.
|c 21 cm
|
| 504 |
|
|
|a Bibliogr.: s. 24 ; pozn.
|
| 600 |
0 |
7 |
|a Mária,
|c matka Ježišova, svätá
|2 SNKMA
|9 157751
|
| 650 |
0 |
7 |
|a východná kresťanská liturgia
|2 SNKPH
|9 79146
|
| 650 |
0 |
7 |
|a ikony
|2 SNKPH
|9 3134
|
| 650 |
0 |
7 |
|a zázraky
|2 SNKPH
|9 1961
|
| 650 |
0 |
7 |
|a Eastern Christian liturgy
|2 SNKPHeng
|9 339450
|
| 650 |
0 |
7 |
|a Icons
|2 SNKPHeng
|9 283301
|
| 650 |
0 |
7 |
|a Miracles
|2 SNKPHeng
|9 311590
|
| 655 |
|
7 |
|a brožúry
|2 SNKPH
|9 70146
|
| 655 |
|
7 |
|a Brochures
|2 SNKPHeng
|9 283327
|
| 700 |
1 |
|
|a Mikušová, Adriana
|4 aut
|9 339451
|
| 700 |
1 |
|
|a Šoltés, Milan Nikolaj
|4 aut
|9 339452
|
| 852 |
|
|
|a Štátna vedecká knižnica v Banskej Bystrici
|
| 919 |
|
|
|a 978-80-972072-3-6
|
| 958 |
|
|
|a NT
|
| 999 |
|
|
|c 1104611
|d 1106541
|
| 952 |
|
|
|a SNK
|b SNK
|y PREZ
|7 0
|p 17A1215814
|o snkSC 171508
|i snk2016/23113
|8 0
|0 0
|1 0
|4 0
|d 2016-10-04
|f 1
|l 0
|r 2025-09-10 00:00:00
|w 2026-02-24
|
| 952 |
|
|
|a SNK
|b SNK
|y VYP
|7 0
|p 17A1215815
|o snkSC 171508 D1
|i snk2016/23114
|8 0
|0 0
|1 0
|4 0
|d 2016-10-04
|l 0
|r 2026-02-24 17:42:01
|w 2026-02-24
|